02073nam a2200253Ia 4500999001300000003000400013008004100017022001800058100005800076245002800134260004500162300004600207650002500253942001500278952020300293952016900496952016900665952016900834952016901003952017201172952015901344952015801503952015801661 c174d174OSt191201s2004 xx 000 0 und d a9789353067038 aROBBINS, Stephen P., Timothy A. Judge, Neharika Vohra 0aOrganizational Behavior aNew DelhibPearson Education Indiac2004 aPg. 675, Dimensions: 20.3 x 25.4 x 4.7 cm aCommunication Skills 2ddccBK09 00102ddc40708MBAaPIETbPIETd2014-09-27eDonated by Priyanka SahgalkDonated by Priyanka Sahgall1o658.3 ROOp24950r2022-06-27 00:00:00s2022-06-24w2014-08-16yBKzDonated by Priyanka Sahgal 00102ddc40708BBAaPIETbPIETd2014-07-26eOrange Books Internationalg825.00k4542l3o658.3 ROOp24510r2025-09-24 00:00:00s2025-09-10v577.50w2014-07-23yBK 00102ddc40708BBAaPIETbPIETd2014-07-26eOrange Books Internationalg825.00k4542l2o658.3 ROOp24511r2022-09-22 00:00:00s2022-09-06v577.50w2014-07-23yBK 00102ddc40708BBAaPIETbPIETd2014-07-26eOrange Books Internationalg825.00k4542l4o658.3 ROOp24512r2022-12-06 00:00:00s2022-11-28v577.50w2014-07-23yBK 00102ddc40708BBAaPIETbPIETd2014-07-26eOrange Books Internationalg825.00k4542l3o658.3 ROOp24513r2024-06-03 00:00:00s2024-05-22v577.50w2014-07-23yBK 00102ddc40708BBAaPIETbPIETd2014-07-26eOrange Books Internationalg825.00k4542l1o658.3 ROOp24514r2023-12-08 00:00:00s2022-01-20v577.50w2014-07-23yBKz. 00102ddc40708BPaPIETbPIETd2020-01-06eKirti PrakashanfIN Rupeesg949.00kIN5972l0o658.3 ROOpBP126r2020-03-17 00:00:00v645.32w2020-01-06yREF 00102ddc40708BPaPIETbPIETd2020-01-06eKirti PrakashanfIN Rupeesg949.00kIN5972l0o658.3 ROOpBP127r2020-03-17 00:00:00v645.32w2020-01-06yBK 00102ddc40708BPaPIETbPIETd2020-01-06eKirti PrakashanfIN Rupeesg949.00kIN5972l0o658.3 ROOpBP128r2020-03-17 00:00:00v645.32w2020-01-06yBK